লোকসংস্কৃতির বিশ্বকোষ / (Record no. 12280)
[ view plain ]
| 000 -LEADER | |
|---|---|
| fixed length control field | 00853nam a2200253 a 4500 |
| 001 - CONTROL NUMBER | |
| JCCL Control Number | 12280 |
| 003 - CONTROL NUMBER IDENTIFIER | |
| JCCL marc code | BD-JhCC |
| 005 - DATE AND TIME OF LATEST TRANSACTION | |
| control field | 20220731134024.0 |
| 008 - FIXED-LENGTH DATA ELEMENTS--GENERAL INFORMATION | |
| fixed length control field | 210921b20042013bg |||| ||a| 000 0 Ben d |
| 020 ## - INTERNATIONAL STANDARD BOOK NUMBER | |
| International Standard Book Number | 9789382663102 |
| 035 ## - SYSTEM CONTROL NUMBER | |
| system control number | (BD-JhCC)12280 |
| 040 ## - CATALOGING SOURCE | |
| Original cataloging agency | BD-JhCC |
| Modifying agency | BD-JhCC |
| 041 ## - LANGUAGE CODE | |
| Language code of Book | Bengali |
| 082 ## - DEWEY DECIMAL CLASSIFICATION NUMBER | |
| Classification number | 398.3 |
| Author mark and Year | CHO 2013 |
| 245 ## - TITLE STATEMENT | |
| Title | লোকসংস্কৃতির বিশ্বকোষ / |
| Statement of responsibility, etc | সম্পা: ড. দুলাল চৌধুরী, ড. পল্লব সেনগুপ্ত । |
| 260 ## - PUBLICATION, DISTRIBUTION, ETC. (IMPRINT) | |
| Place of publication, distribution, etc | ঢাকা: |
| Name of publisher, distributor, etc | পুস্তক বিপন; |
| Date of publication, distribution, etc | ২০১৩. |
| 300 ## - PHYSICAL DESCRIPTION | |
| Pagination | 668 p. : |
| Dimensions | 24 cm. |
| 650 ## - SUBJECT ADDED ENTRY--TOPICAL TERM | |
| Topical term or geographic name as entry element | Folk cultvre |
| 650 ## - SUBJECT ADDED ENTRY--TOPICAL TERM | |
| Topical term or geographic name as entry element | Encyclopedia |
| 700 ## - ADDED ENTRY--PERSONAL NAME | |
| Personal name | চৌধুরী, ড. দুলাল |
| 700 ## - ADDED ENTRY--PERSONAL NAME | |
| Personal name | সেনগুপ্ত, ড. পল্লব |
| 942 ## - ADDED ENTRY ELEMENTS (KOHA) | |
| Source of classification or shelving scheme | Dewey Decimal Classification |
| Koha item type | Books |
| Koha issues (borrowed), all copies | 1 |
| Source of classification or shelving scheme | Damaged status | Not for loan | Home library | Current library | Shelving location | Date of accession | Cost, normal purchase price | Total Checkouts | Full call number | Barcode | Date last seen | Date checked out | Copy number | Koha item type |
|---|---|---|---|---|---|---|---|---|---|---|---|---|---|---|
| Dewey Decimal Classification | JCC Rouf Library | JCC Rouf Library | General Stacks | 07/14/2025 | 900.00 | 2 | 398.3 CHO 2013 | 16911 | 10/21/2025 | 07/14/2025 | C-1 | Books |